000 00346nam a2200145 a 4500
005 20140414131856.0
008 100828s19uu xx 00 eng d
050 _aFIL
_bH52 2005
100 _aPacis, Carla
245 _aHipon and biya.
260 _aManila, Philippines :
_bAdarna,
_c2005.
440 _a
999 _c110479
_d110479